Capitais das províncias de Angola - Statistics

Estatísticas Gerais
  • Esse quiz foi jogado 8 vezes
  • A pontuação média é 8 de 21
Estatísticas das Respostas
Província Capital % Correto
Benguela Benguela
100%
Luanda Luanda
100%
Malanje Malanje
100%
Cabinda Cabinda
71%
Huambo Huambo
57%
Uíge Uíge
57%
Zaire M’banza Congo
43%
Namibe Moçâmedes
43%
Moxico Moxico
43%
Bengo Caxito
29%
Bié Cuíto
29%
Huíla Lubango
29%
Cuanza Norte N’dalatando
29%
Luanda Sul Saurimo
29%
Ícolo e Bengo Catete
14%
Luanda Norte Dundo-Chitato
14%
Cunene Ondjiva
14%
Moxico Leste Cazombo
0%
Cuando Mavinga
0%
Cubango Menongue
0%
Cuanza Sul Sumbe
0%
Nenhum quiz correspondente encontrado
Distribuição das Pontuações
Porcentagem de Pessoas com Cada Pontuação
Percentil de Números Respondidos
Sua Pontuação Histórica
Você não jogou esse quiz